000 00893nam a2200265Ia 4500
003 GCL
008 140319s9999 xx 000 0 ara d
020 _a2026408977
040 _aGCL /
_cGCL
082 0 4 _a658.84
_bهـ ت
100 1 _aهاج، مات
245 1 0 _aالتسويق باستخدام الموبايل :
_bMOBILE MARKETING /
_cهاج، مات
700 1 _aقسم الترجمة بدار الفاروق
250 _aالاولى
260 _aالقاهرة :
_bدار الفاروق للنشر والتوزيع ،
_c2006
300 _a248 ص ؛
_c24 سم
650 0 4 _aالتسويق
650 0 4 _aالاعلان
650 0 4 _aالتسويق المعاصر
650 0 4 _aالسلع - تصريف
650 0 4 _aالتسويق الالكترونى
650 0 4 _aالتسويق بالتليفون
650 0 4 _aالتسويق بالموبايل
942 _2ddc
_cBK
999 _c8267
_d8267